000 00247nam a2200097Ia 4500
001 1102294
005 20250827003318.0
008 250824s9999 xx 000 0 und d
245 0 _aBANA İKİMİZİ ANLAT
_cAHMET BATMAN
260 _bDESTEK YAYINLARI
999 _c1102294
_d1102294